000 00381nam a2200157Ia 4500
008 140306s9999 xx 000 0 und d
020 _a0752201360
041 _aeng
082 _a741.5
_bADA/BR
100 _aAdams, Scott
245 _aBring me the head of willy the mail boy
260 _aLondon
_bBoxtree Ltd
_c1995
300 _a128
365 _bUkp. 3
942 _2ddc
_cBK
999 _c178871
_d178871